| 000 | 00393nam a22001577a 4500 | ||
|---|---|---|---|
| 003 | MACL | ||
| 005 | 20150611162803.0 | ||
| 008 | 150611b xxu||||| |||| 00| 0 eng d | ||
| 040 | _cMACL | ||
| 082 | _a510 | ||
| 100 |
_aAgarwal ,Amit M _9208 |
||
| 245 | _aPlay With Graphs for Jee Main & Advanced | ||
| 260 |
_aMeerut _bArihant Prakashan _c2014 |
||
| 650 |
_aMaths _9209 |
||
| 942 |
_2ddc _cBK _k510 |
||
| 999 |
_c49837 _d49837 |
||